Československý vnitřní obchod

Gespeichert in:
Bibliographische Detailangaben
Format: Buch
Sprache:Tschechisch
Veröffentlicht: Praha Ústřední svaz obchodu 1947
Tags: Tag hinzufügen
Keine Tags, Fügen Sie das erste Tag hinzu!

MARC

LEADER 00000nam a2200000 4500
001 0267849
005 20240822101710.7
041 0 |a cze 
044 |a CZ 
245 1 0 |a Československý vnitřní obchod  |c Antonín Zmrhal 
264 1 |a Praha  |b Ústřední svaz obchodu  |c 1947